000 00789nam a2200193 4500
999 _c5930
_d5930
008 161202b xxu||||| |||| 00| 0 eng d
022 _a16551516
082 _aDPer 330.5 P53 June-Dec 2014 v. 51, n. 1 & 2
100 _941654
_aEstudillo, Jonna P.
245 _aPoor parents, rich children:
_bthe role of schooling, nonfarm work, and migration in rural Philippines/
_cJonna P. Estudillo [and three others].
260 _aPhilippines:
_bUP School of Economics/ The Phil. Economic Society,
_c©2014.
300 _av51 n2, pages 21-46;
_c24 cm.
500 _aPhilippine review of economics.
650 0 _917989
_aPoverty
700 _917985
_aMano, Yukichi
_eAuthor
700 _917986
_aSawada, Yasuyuki
_eAuthor
700 _917987
_aOtsuka, Keijiro
_eAuthor
942 _2ddc
_cPER